[Event "O2C Doeberl Cup 2014"]
[Site "Canberra AUS"]
[Date "2014.04.21"]
[Round "9.5"]
[White "Smirnov, Anton"]
[Black "Ly, Moulthun"]
[Result "0-1"]
[WhiteTitle "FM"]
[BlackTitle "IM"]
[WhiteElo "2344"]
[BlackElo "2440"]
[WhiteFideId "3208923"]
[BlackFideId "3204405"]
[EventDate "2014.04.17"]

1. e4 c5 2. Nf3 e6 3. d4 cxd4 4. Nxd4 Nf6 5. Nc3 d6 6. Be2 a6 7. O-O Qc7 8. a4
b6 9. f4 Nbd7 10. Kh1 Bb7 11. Bf3 Be7 12. Qe1 O-O 13. e5 Ne8 14. Qg3 Rd8 15. Be3
Bxf3 16. Nxf3 g6 17. f5 dxe5 18. fxe6 fxe6 19. Bg5 Bxg5 20. Nxg5 Qc4 21. Rxf8+
Nxf8 22. Qxe5 Rd2 23. Nge4 Rd8 24. h3 Qc7 25. Qg5 Rd7 26. a5 Rf7 27. axb6 Qxb6
28. b3 Rf5 29. Qe7 Qb8 30. Qa3 a5 31. g4 Rf3 32. Kg2 Qf4 33. Re1 h5 34. gxh5 Ng7
35. Qc1 Qf5 36. Qg5 Qxg5+ 37. Nxg5 Rxc3 38. hxg6 Rxc2+ 39. Kg1 Nxg6 40. Nxe6 Nf5
41. Ra1 Ngh4 42. Nd4 Rg2+ 0-1

[Event "O2C Doeberl Cup 2014"]
[Site "Canberra AUS"]
[Date "2014.04.21"]
[Round "9.6"]
[White "Zhai, Mo"]
[Black "Solomon, Stephen J."]
[Result "0-1"]
[WhiteTitle "WIM"]
[BlackTitle "IM"]
[WhiteElo "2243"]
[BlackElo "2369"]
[WhiteFideId "8600201"]
[BlackFideId "3200043"]
[EventDate "2014.04.17"]

1. e4 c5 2. Nf3 d6 3. d4 cxd4 4. Nxd4 Nf6 5. Nc3 Nc6 6. Bg5 e6 7. Qd2 Be7 8.
O-O-O O-O 9. f4 Nxd4 10. Qxd4 Qa5 11. Kb1 h6 12. h4 Rd8 13. Be2 Bd7 14. e5 dxe5
15. fxe5 Bc6 16. Qf4 Rxd1+ 17. Bxd1 Bxg2 18. Rg1 hxg5 19. Qxg5 Nd5 20. Qxg2
Nxc3+ 21. bxc3 Qb5+ 22. Ka1 Qxe5 0-1

[Event "O2C Doeberl Cup 2014"]
[Site "Canberra AUS"]
[Date "2014.04.21"]
[Round "9.8"]
[White "Van Wely, Loek"]
[Black "Ambrus, Endre"]
[Result "1/2-1/2"]
[WhiteTitle "GM"]
[BlackTitle "FM"]
[WhiteElo "2685"]
[BlackElo "2312"]
[WhiteFideId "1000268"]
[BlackFideId "1207075"]
[EventDate "2014.04.17"]

1. Nf3 Nf6 2. d4 d6 3. g3 Nbd7 4. c4 e5 5. Nc3 c6 6. Bg2 Qc7 7. O-O a6 8. b3 Be7
9. Qc2 O-O 10. Bb2 Re8 11. Rac1 Bf8 12. h3 b6 13. e4 Bb7 14. a4 g6 15. Rfe1 Bg7
16. Rcd1 Rad8 17. Qb1 Nf8 18. Qa1 N6d7 19. d5 c5 20. a5 Bc8 21. Nd2 Bh6 22. axb6
Nxb6 23. Ne2 Bd7 24. f4 f6 25. Nf3 Rb8 26. g4 g5 27. fxe5 fxe5 28. Ng3 Ng6 29.
Nf5 Bxf5 30. exf5 Nf4 31. Bc1 Nd7 32. Bxf4 exf4 33. Re6 Bg7 34. Qxa6 Nf8 35.
Rxd6 Bc3 36. f6 Rxb3 37. Nxg5 Re2 38. Re6 f3 39. f7+ Kg7 40. Nxf3 Nxe6 41. dxe6
Bd4+ 42. Nxd4 Rxg2+ 43. Kxg2 Qg3+ 44. Kf1 Qxh3+ 45. Ke1 Qg3+ 46. Kf1 Qh3+ 47.
Ke1 1/2-1/2

[Event "O2C Doeberl Cup 2014"]
[Site "Canberra AUS"]
[Date "2014.04.21"]
[Round "9.13"]
[White "Li, Zuhao Luke"]
[Black "Tao, Trevor"]
[Result "1/2-1/2"]
[WhiteTitle "FM"]
[BlackTitle "IM"]
[WhiteElo "2326"]
[BlackElo "2430"]
[WhiteFideId "4303431"]
[BlackFideId "3201961"]
[EventDate "2014.04.17"]

1. d4 Nf6 2. c4 e6 3. Nc3 Bb4 4. Qc2 Nc6 5. Nf3 d6 6. Bd2 O-O 7. a3 Bxc3 8. Bxc3
Qe7 9. g3 e5 10. d5 Nb8 11. e4 Ne8 12. Nd2 f5 13. Bh3 Qg5 14. O-O Na6 15. f4
exf4 16. Rxf4 fxe4 17. Nxe4 Qxf4 18. gxf4 Bxh3 19. Ng5 1/2-1/2

[Event "O2C Doeberl Cup 2014"]
[Site "Canberra AUS"]
[Date "2014.04.21"]
[Round "9.14"]
[White "Berezina, Irina"]
[Black "Zelesco, Karl"]
[Result "1/2-1/2"]
[WhiteTitle "IM"]
[WhiteElo "2195"]
[BlackElo "2274"]
[WhiteFideId "3201937"]
[BlackFideId "3213390"]
[EventDate "2014.04.17"]

1. d4 d5 2. Nf3 Nf6 3. g3 c6 4. Bg2 Bg4 5. c4 e6 6. O-O Nbd7 7. Nc3 dxc4 8. a4
a5 9. e4 Qb6 10. h3 Bxf3 11. Bxf3 e5 12. d5 Nc5 13. Bg2 Nb3 14. Rb1 Nd4 15. Kh2
Bd6 16. Be3 O-O 17. Re1 cxd5 18. exd5 Nd7 19. Ne4 Bb4 20. Rg1 Nf6 21. Nxf6+ Qxf6
22. Rc1 Rac8 23. Qg4 c3 24. bxc3 Bxc3 25. Rgd1 Rc4 26. Qd7 Qb6 27. h4 Rd8 28.
Qe7 Rf8 29. Rd3 Rc7 30. Qxc7 1/2-1/2